Песнь англичан | Немного о себе (Запись № 2903841)

Подробности
000 -МАРКЕР
контрольное поле 01728nam0a2200325 i 4500
001 - ИДЕНТИФИКАТОР ЗАПИСИ
контрольное поле RU\NLR\bibl\1900135
005 - ИДЕНТИФИКАТОР ВЕРСИИ
контрольное поле 20260406152518.0
010 ## - МЕЖДУНАРОДНЫЙ СТАНДАРТНЫЙ НОМЕР КНИГИ (ISBN)
Номер (ISBN) 9785938983281
Тираж 1100
021 ## - НОМЕР ГОСУДАРСТВЕННОЙ РЕГИСТРАЦИИ
Код страны Российская Федерация
Номер 2012-28086
Номер Листа государственной регистраци 2090
035 ## - ДРУГИЕ СИСТЕМНЫЕ НОМЕРА
Идентификатор записи (NLR Aleph) 001889773
100 ## - ДАННЫЕ ОБЩЕЙ ОБРАБОТКИ
Данные общей обработки 20120504d2012 u y0rusy50 ca
101 1# - ЯЗЫК РЕСУРСА
Язык текста, звукозаписи и т.д. русский
Язык оригинала английский
102 ## - СТРАНА ПУБЛИКАЦИИ ИЛИ ПРОИЗВОДСТВА
Страна публикации Российская Федерация
105 ## - ПОЛЕ КОДИРОВАННЫХ ДАННЫХ: ТЕКСТОВЫЕ МАТЕРИАЛЫ, МОНОГРАФИЧЕСКИЕ
Кодированные данные о монографическом текстовом документе ac |||||||||
200 1# - ЗАГЛАВИЕ И СВЕДЕНИЯ ОБ ОТВЕТСТВЕННОСТИ
Основное заглавие Песнь англичан
Сведения, относящиеся к заглавию [стихи]
Основное заглавие Немного о себе
Сведения, относящиеся к заглавию для моих друзей - знакомых и незнакомых
-- [мемуары]
Первые сведения об ответственности Редьярд Киплинг
Последующие сведения об ответственности пер. с англ. Н.М. Голя, Д.В. Вознякевича
-- [послесл. А.М. Зверева
-- коммент. В.П. Мурат, В.Г. Зартайского]
-- 96 ил. Уильяма Хита Робинсона
210 ## - ПУБЛИКАЦИЯ, РАСПРОСТРАНЕНИЕ И ДР.
Место издания, распространения и т.д. Санкт-Петербург
Имя издателя, распространителя и т. д. Вита Нова
Дата издания, распространения и т.д. 2012
215 ## - ФИЗИЧЕСКАЯ ХАРАКТЕРИСТИКА
Специфическое обозначение материала и объем 365, [1] с.
Другие сведения о физической характеристике ил., цв. ил., портр.
Размеры 24
225 1# - СЕРИЯ
Основное заглавие серии Фамильная библиотека
Наименование части Читальный зал
600 #1 - ИМЯ ЛИЦА КАК ПРЕДМЕТ
Начальный элемент ввода Робинсон
Часть имени, кроме начального элемента ввода У.Х.
Даты 1872 - 1944
Расширение инициалов личного имени Уильям Хит
Системный номер авторитетной/нормативной записи 2630714
Идентификатор авторитетной/нормативной записи RU\NLR\auth\661567274
686 ## - ИНДЕКСЫ ДРУГИХ КЛАССИФИКАЦИЙ
Индекс Щ153(4Вл)5-8Робинсон
686 ## - ИНДЕКСЫ ДРУГИХ КЛАССИФИКАЦИЙ
Индекс Ш6(4Вл)57я44{Лх1297-45избр}
700 #1 - ИМЯ ЛИЦА - ПЕРВИЧНАЯ ОТВЕТСТВЕННОСТЬ
Код отношения Автор
Материалы, к которым относится поле rus
Графика поля Кириллица
Начальный элемент ввода Киплинг
Часть имени, кроме начального элемента ввода Р.
Даты 1865-1936
Расширение инициалов личного имени Редьярд
Идентификатор авторитетной/нормативной записи RU\NLR\auth\775969
Системный номер авторитетной/нормативной записи 115925
702 #1 - ИМЯ ЛИЦА - ВТОРИЧНАЯ ОТВЕТСТВЕННОСТЬ
Код отношения Иллюстратор
Материалы, к которым относится поле rus
Графика поля Кириллица
Начальный элемент ввода Робинсон
Часть имени, кроме начального элемента ввода У. Х.
Дополнения к именам, кроме дат художник
Даты 1872-1944
Расширение инициалов личного имени Уильям Хит
Идентификатор авторитетной/нормативной записи RU\NLR\auth\77106932
Системный номер авторитетной/нормативной записи 89857
702 #1 - ИМЯ ЛИЦА - ВТОРИЧНАЯ ОТВЕТСТВЕННОСТЬ
Код отношения Переводчик
Материалы, к которым относится поле rus
Графика поля Кириллица
Начальный элемент ввода Голь
Часть имени, кроме начального элемента ввода Н. М.
Расширение инициалов личного имени Николай Михайлович
Даты 1952 -
Идентификатор авторитетной/нормативной записи RU\NLR\auth\7723899
Системный номер авторитетной/нормативной записи 6952
801 #0 - ИСТОЧНИК ЗАПИСИ
Страна Российская Федерация
Организация NLR
Дата составления 20120504
Правила каталогизации RCR
801 #1 - ИСТОЧНИК ЗАПИСИ
Страна Российская Федерация
Организация NLR
Дата составления 20120504
942 ## - ДОПОЛНИТЕЛЬНЫЕ ЭЛЕМЕНТЫ ЗАПИСИ (АБИС)
Тип экземпляра АБИС Книга
980 ## - КОЛЛЕКЦИЯ
Название коллекции НБР

Нет доступных экземпляров.